study on prevalence of gastrointestinal parasites of cattle in phom tamao cattle experiment station (ការសិក្សាពីកម្រិតរាលដាលនៃបរាសិតនៅក្នុងក្រពះពោះវៀនគោ នៅស្ថានីយ៍ពិសោធន៍ពូជគោភ្នំតាម៉ៅ) (Record no. 2566)

000 -LEADER
fixed length control field 00713nam a22001577a 4500
003 - CONTROL NUMBER IDENTIFIER
control field OSt
005 - DATE AND TIME OF LATEST TRANSACTION
control field 20221125152827.0
008 - FIXED-LENGTH DATA ELEMENTS--GENERAL INFORMATION
fixed length control field 151024b xxu||||| |||| 00| 0 eng d
040 ## - CATALOGING SOURCE
Transcribing agency RUA
082 ## - DEWEY DECIMAL CLASSIFICATION NUMBER
Classification number AVM DAS 2013 B543 Or.1
100 ## - MAIN ENTRY--PERSONAL NAME
9 (RLIN) 2743
Personal name DY, SYDOEURN.
245 ## - TITLE STATEMENT
Title study on prevalence of gastrointestinal parasites of cattle in phom tamao cattle experiment station (ការសិក្សាពីកម្រិតរាលដាលនៃបរាសិតនៅក្នុងក្រពះពោះវៀនគោ នៅស្ថានីយ៍ពិសោធន៍ពូជគោភ្នំតាម៉ៅ)
260 ## - PUBLICATION, DISTRIBUTION, ETC. (IMPRINT)
Place of publication, distribution, etc. Phnom Penh
Name of publisher, distributor, etc. RUA
Date of publication, distribution, etc. 2013
300 ## - PHYSICAL DESCRIPTION
Extent xi, 39p.
Other physical details ill.
Dimensions 29cm.
942 ## - ADDED ENTRY ELEMENTS (KOHA)
Source of classification or shelving scheme
Koha item type AVM
Holdings
Price effective from Date last seen Permanent Location Not for loan Date acquired Source of classification or shelving scheme Koha item type Lost status Withdrawn status Total Renewals Date last checked out Total Checkouts Shelving location Damaged status Barcode Checked out Current Location Full call number
2015-10-242018-06-22Library Block B 2015-10-24 AVM  22018-06-115B104 RUA017699 Library Block BAVM DA 2013 B104 Or.1
2015-10-242015-10-24Library Block B 2015-10-24 AVM     B104 RUA017763 Library Block BAVM DA 2013 B104 Or.2
2015-10-242018-07-10Library Block B 2015-10-24 AVM  42018-05-285B104 RUA017691 Library Block BAVM DA 2013 B104 Or.3
2015-10-242018-03-21Library Block B 2015-10-24 AVM  32018-02-094B104 RUA017619 Library Block BAVM DA 2013 B104 Or.4
2015-10-242015-10-24Library Block B 2015-10-24 AVM     B104 RUA017547 Library Block BAVM DA 2013 B104 Or.5
2015-10-282017-02-13Library Block B 2015-10-28 AVM   2016-12-273B104 RUA018236 Library Block BAVM DA 2013 B104 Or.6
2016-02-032016-12-27Library Block B 2016-02-03 AVM   2016-12-272B104 RUA0519672017-02-01Library Block BAVM DA 2013 B104 Or.7
2016-08-142019-11-27Library Block B 2016-08-14 AVM   2019-10-212  RUA018215 Library Block BAVM DA 2013 B104 Or.8
2022-10-252022-10-25Library Block B 2022-10-25 AVM       a35830 Library Block BAVM DAS 2013 B543 Or.1
2022-10-252022-10-25Library Block B 2022-10-25 AVM       a37281 Library Block BAVM DAS 2013 B543 Or.1
2022-10-252022-10-25Library Block B 2022-10-25 AVM       a37431 Library Block BAVM DAS 2013 B543 Or.1
មជ្ឈមណ្ឌលឯការនៃសាកលវិទ្យាល័យភូមិន្ទកសិកម្មចំការដូង

Powered by Koha